| 000 | 00906nam a2200277 i 4500 | ||
|---|---|---|---|
| 001 | 146321 | ||
| 003 | ES-MaACL | ||
| 005 | 20230906201507.0 | ||
| 007 | t| | ||
| 008 | 070906s1971 sp ||||1| spa d | ||
| 080 | _a616-001(078) | ||
| 245 | 0 | 0 |
_aTraumatología / _cCastaño López-Mesas, Gálvez Vargas, Guaita Egea ... [et al.]. |
| 260 |
_aMadrid : _bPons, _c1971. |
||
| 300 |
_a3 v. ; _c31 cm. |
||
| 490 | 1 | _aContestaciones Pons | |
| 597 | _aEjemplares multicopista | ||
| 610 | 2 | 4 |
_aFacultativos del Seguro Social de Enfermedad- _vContestaciones para oposiciones. _94080 |
| 650 | 4 |
_aTraumatología. _9159553 |
|
| 650 | 4 |
_aMedicina- _xContestaciones para oposiciones. _914896 |
|
| 700 | 1 |
_aCastaño López-Mesas. _936439 |
|
| 700 | 1 |
_aGálvez, R. _9174619 |
|
| 700 | 1 |
_aGuaita Egea. _960277 |
|
| 830 | 1 |
_aContestaciones Pons _9181920 |
|
| 852 | 4 |
_aES-MaACL _jC-42158-60 |
|
| 999 |
_c146321 _d146321 |
||